A storytelling és a dizájn kapcsolata hogyan mesélnek a terek a budapesti luxusszállodákban?

Bibliographic Details
Main Author: Cser Lúcia
Other Authors: Juhász-Dóra Katalin
Format: Thesis
Kulcsszavak:fizikai környezet
kulturális környezet
márkaépítés
szállodaipar
vendéglátás
vendéglátóipar
Online Access:http://dolgozattar.uni-bge.hu/60301

MARC

LEADER 00000nta a2200000 i 4500
001 dolg60301
005 20260409150256.0
008 260409suuuu hu om 000 hun d
040 |a BGE Dolgozattár Repozitórium  |b hun 
041 |a hu 
100 1 |a Cser Lúcia 
245 1 2 |a A storytelling és a dizájn kapcsolata  |b hogyan mesélnek a terek a budapesti luxusszállodákban?  |c Cser Lúcia  |h [elektronikus dokumentum] 
520 3 |a Ezen szakdolgozat a luxusszállodák körében vizsgálja a storytelling, azaz a történetmesélés alkalmazását a látványtervezésben. A kutatás fókuszában a W Budapest Hotel és Aria Hotel Budapest all, melyek építészeti dizájnjukban és marketingkommunikációjukban is egyedülálló narratív elemekkel operálnak. A kvalitatív interjúk a szállodák menedzsereivel és nemzetközileg elismert dizájnerrel feltárták, hogy hogyan épül be a magyar kulturális örökség motívumrendszere a modern szállodai enteriőrökbe, és miként teremtenek ezzel a szállodaipari szakemberek komplex atmoszférát és emlékezetes vendégélményt. Az eredmények igazolják, hogy a tudatosan kialakított tematikus enteriőrök és narratív dizájnelemek nemcsak esztétikai, hanem üzleti előnyöket is generálnak: erősítik a márkaidentitást, növelik a vendégelégedettséget és a vendégek lojalitását. A dolgozat felsorakoztat példákat a storytelling integrálására és inspirációként szolgál jövőbeli szállodaipari projektekben. 
695 |a fizikai környezet 
695 |a kulturális környezet 
695 |a márkaépítés 
695 |a szállodaipar 
695 |a vendéglátás 
695 |a vendéglátóipar 
700 1 |a Juhász-Dóra Katalin  |e ths 
856 4 0 |u http://dolgozattar.uni-bge.hu/60301/1/Szakdolgozat%20-%20ve%CC%81gso%CC%8B%20final%20Cser%20Lu%CC%81cia%202025%20online%20One%20and%20only%20final%20version.pdf  |z Dokumentum-elérés 
856 4 0 |u http://dolgozattar.uni-bge.hu/60301/2/JDK_Cser%20L%C3%BAcia_Szakdolgozat%20b%C3%ADr%C3%A1lati%20lap%202025.pdf  |z Dokumentum-elérés 
856 4 0 |u http://dolgozattar.uni-bge.hu/60301/3/Cser%20L%C3%BAcia_k.pdf  |z Dokumentum-elérés